000 00533nas a2200181 i 4500
001 C2-0336463
003 PPAK
005 20180729123436.0
008 160620s my a|||| ||||| | eng d
040 _aPPAK
_beng
_cPPAK
_erda
245 0 0 _aWawasan Open University biennial report
264 1 _aPenang :
_bWawasan Open University ,
336 _2rdacontent
_atext
337 _2rdamedia
_aunmediated
338 _2rdacarrier
_avolume
650 1 0 _aEducation, Higher. ; Education, Higher - Malaysia - Periodical.
942 _ddc
_cSR
999 _c149866
_d149866